00329nam a2200121Ia 4500008004000000082001800040100003200058245003900090250000500129260003100134300000800165650003400173210210b1963 xxu||||| |||| 00| 0 eng d a581.1028 MEYL aMEYER (Bernard and others. aLaboratory plant physiology. Ed 3. a aN YorkbVan Nostrandc1963 a168 aLaboratory Plant Physiology